Sports Quiz

Random Sports Quiz

Southampton top 25 PL scorers Quiz Stats

 Plays Quiz not verified by Sporcle

Score 0/25 Timer 10:00
0 Plays Today
Goals Player % Correct
102Matt Le Tissier
98.1%
68James Beattie
80.3%
12Adam Lallana
74.9%
28Rickie Lambert
73.4%
20*Shane Long
72.9%
16*Charlie Austin
71.4%
42Marians Pahars
68.2%
21Sadio Mane
63.8%
21Dusan Tadic
63%
23Graziano Pelle
58.8%
12*Steven Davis
53.2%
12Peter Crouch
50.4%
19Kevin Davies
47.5%
Goals Player % Correct
23Kevin Phillips
46.5%
28Egil Ostenstad
46.4%
26Jay Rodriguez
43.7%
21Iain Dowie
30.6%
11Brett Ormerod
26.8%
12Matt Oakley
26.1%
11Morgan Schneiderlin
23%
12Neil Shipperley
22%
12Jo Tessem
18.2%
14Hassan Kachloul
18.1%
13Jim Magilton
17.4%
17Neil Maddison
13.7%

You're not logged in!

Compare scores with friends on all Sporcle quizzes.
OR
Log In

Sporcle TV

Today on Sporcle TV


Watch our educational content, quiz creation guides, and fun videos on Sporcle TV.

Show Comments

Extras

Top Quizzes Today


Score Distribution

Your Account Isn't Verified!

In order to create a playlist on Sporcle, you need to verify the email address you used during registration. Go to your Sporcle Settings to finish the process.

Report this User

Report this user for behavior that violates our Community Guidelines.

Details: